000 01053nam a2200301 i 4500
003 EG-GICUC
005 20260421122702.0
008 260421s1965 fr |||frb||| 00| 0 fre d
040 _aEG-GiCUC
_bfre
_cEG-GiCUC
_dEG-GiCUC
_eRda
041 _afre
082 0 4 _221
_a343.3
_bMU . L
092 0 4 _221
099 _aLaw1 10 343.3 MU . L 1965
100 1 _aMuller-Rappard, Ekkehart.
_eAuteur
245 1 0 _aL'ordre supérieur militaire et la responsabilité pénale du subordonné /
_cEkkehart Muller-Rappard, Preface De Jean Graven.
264 1 _aParis :
_bA. Pedone,
_c1965.
300 _a xii, 281 page ;
_c 24 cm.
336 _2rda contenu
_a texte
337 _2rda medias
_aOrdinateur
338 _2 transporteur rda
_a Ressource en ligne
504 _aBibliography: pages 264-265-266-267-268-269-270-271-272-273-274-275.
546 _aTexte en français
650 1 4 _aDroit de procédure pénale
_2qrmak
651 1 _2qrmak
856 4 0 _uhttps://fll.law.cu.edu.eg/fulltext/bks/B10-10831.pdf
905 _a161
942 _2ddc
_cBK
_e21
_n0
999 _c72538
_d72538